00804nam a22002417a 4500003000900000008004100009020001800050040007100068082001500139100002200154245002000176260004400196300004900240505009800289650001200387650001200399650001400411650001500425700002600440700002300466700002000489710005300509AR-CdUCM190308b ||||| |||| 00| 0 spa d a987-21318-0-5 aMUNICIPALIDAD PROVINCIAL DEL CUSCOcBIBLIOTECA MUNICIPAL DEL CUSCO a709 /bG91 aGuijarro, Gustavo aConozca Salta / aArgentina :bCrivelli Editores ;c2006. a255 páginas ;bFotografías, mapas c32cm aContenido: La ciudad -- Valle de Lerma -- Valles Calchaquies -- Selva tropical -- La gente... aTurismo aCultura aPaisajes  aArgentina  aSaravia, Juan Carlos  aCrivelli, Silvana  aViramonte, Jose aSecretaría de Cultura de la Provincia de Salta